000 00848nam a22002897a 4500
003 CHAP
005 20220329140910.0
008 971013s1993 r 00010 d
010 _a59497
011 _a60469
035 _a64631
040 _cCHAP
082 _a581.634
_bK9Y
100 0 0 _aKybal, Jan.
_964162
245 _aPlantas aromáticas y culinarias
260 _aMadrid :
_bSusaeta,
_c1993
300 _a223 p.
_b: ilus.
590 _aBATCH-UPD
_b10
_c20130110
_lUCH01
_h0504
590 _aBATCH-UPD
_b10
_c20130410
_lUCH01
_h0142
590 _aBATCH-UPD
_b10
_c20130914
_lUCH01
_h1320
590 _aCONVERSION
_b10
_c20130109
_lUCH01
_h1332
650 1 4 _aEspecias.
_937785
650 1 4 _aPlantas aromáticas.
_988900
901 _aBK
942 _cLIBRO
949 _a581.634 K9Y
_bBC
_cMUT
_d33724000531232
_eMUT
_gI. c/e
_h90097
_i64631
_si
_t56.00
999 _c59497
_d59497